[Event "Grand Swiss "]
[Date "2025.09.14"]
[White "Anton Guijarro, David"]
[Black "Esipenko, Andrey"]
[WhiteElo "2625"]
[BlackElo "2687"]
[Round "9.9.18"]
[Result "1/2-1/2"]

1. d4 {[%clk 01:40:53] [%emt 00:00:06]} Nf6 {[%clk 01:40:40] [%emt 00:00:20]} 2.
c4 {[%clk 01:41:10] [%emt 00:00:13]} g6 {[%clk 01:40:44] [%emt 00:00:26]} 3. Nc3
{[%clk 01:39:16] [%emt 00:02:24]} d5 {[%clk 01:41:01] [%emt 00:00:14]} 4. cxd5
{[%clk 01:37:45] [%emt 00:02:01]} Nxd5 {[%clk 01:41:24] [%emt 00:00:07]} 5. e4
{[%clk 01:38:11] [%emt 00:00:04]} Nxc3 {[%clk 01:41:48] [%emt 00:00:05]} 6. bxc3
{[%clk 01:38:39] [%emt 00:00:03]} Bg7 {[%clk 01:42:11] [%emt 00:00:07]} 7. Be3
{[%clk 01:34:14] [%emt 00:04:54]} c5 {[%clk 01:39:58] [%emt 00:02:43]} 8. Qd2
{[%clk 01:33:27] [%emt 00:01:17]} O-O {[%clk 01:36:34] [%emt 00:03:54]} 9. Rc1
{[%clk 01:29:38] [%emt 00:04:19]} Qa5 {[%clk 01:35:08] [%emt 00:01:57]} 10. Nf3
{[%clk 01:25:02] [%emt 00:05:05]} Bg4 {[%clk 01:32:22] [%emt 00:03:17]} 11. h4
{[%clk 01:13:01] [%emt 00:12:31]} Bxf3 {[%clk 01:16:55] [%emt 00:15:57]} 12.
gxf3 {[%clk 01:13:23] [%emt 00:00:08]} e6 {[%clk 01:01:31] [%emt 00:15:55]} 13.
d5 {[%clk 01:03:26] [%emt 00:10:27]} exd5 {[%clk 01:01:35] [%emt 00:00:26]} 14.
exd5 {[%clk 01:03:52] [%emt 00:00:03]} Nd7 {[%clk 00:57:52] [%emt 00:04:14]} 15.
c4 {[%clk 00:51:58] [%emt 00:12:24]} Qa3 {[%clk 00:55:43] [%emt 00:02:38]} 16.
Bg2 {[%clk 00:39:25] [%emt 00:13:03]} Rfe8 {[%clk 00:47:23] [%emt 00:08:51]} 17.
O-O {[%clk 00:39:10] [%emt 00:00:44]} Qa6 {[%clk 00:47:32] [%emt 00:00:22]} 18.
h5 {[%clk 00:27:31] [%emt 00:12:09]} gxh5 {[%clk 00:40:47] [%emt 00:07:14]} 19.
Kh1 {[%clk 00:27:25] [%emt 00:00:35]} Ne5 {[%clk 00:28:14] [%emt 00:13:03]} 20.
Rg1 {[%clk 00:17:19] [%emt 00:10:36]} Qf6 {[%clk 00:20:15] [%emt 00:08:29]} 21.
Bg5 {[%clk 00:17:02] [%emt 00:00:47]} Qf5 {[%clk 00:20:39] [%emt 00:00:06]} 22.
Rc3 {[%clk 00:10:07] [%emt 00:07:24]} Ng6 {[%clk 00:12:55] [%emt 00:08:15]} 23.
Rb3 {[%clk 00:07:43] [%emt 00:02:54]} b6 {[%clk 00:12:43] [%emt 00:00:42]} 24.
d6 {[%clk 00:05:11] [%emt 00:03:02]} Bf6 {[%clk 00:12:21] [%emt 00:00:51]} 25.
Bxf6 {[%clk 00:04:15] [%emt 00:01:26]} Qxf6 {[%clk 00:12:46] [%emt 00:00:05]}
26. f4 {[%clk 00:04:30] [%emt 00:00:15]} Rad8 {[%clk 00:12:22] [%emt 00:00:53]}
27. d7 {[%clk 00:04:13] [%emt 00:00:47]} Rf8 {[%clk 00:07:46] [%emt 00:05:06]}
28. Bh3 {[%clk 00:02:57] [%emt 00:01:47]} Kh8 {[%clk 00:08:00] [%emt 00:00:16]}
29. Kh2 {[%clk 00:01:26] [%emt 00:02:01]} Qxf4+ {[%clk 00:06:33] [%emt
00:01:57]} 30. Qxf4 {[%clk 00:01:53] [%emt 00:00:04]} Nxf4 {[%clk 00:06:58]
[%emt 00:00:05]} 31. Rd1 {[%clk 00:01:51] [%emt 00:00:31]} Kg7 {[%clk 00:04:28]
[%emt 00:03:01]} 32. Ra3 {[%clk 00:01:28] [%emt 00:00:53]} 1/2-1/2

[Site "Europe Echecs"]

[Event "Grand Swiss "]
[Date "2025.09.14"]
[White "Yakubboev, Nodirbek"]
[Black "Demchenko, Anton"]
[WhiteElo "2681"]
[BlackElo "2620"]
[Round "9.9.19"]
[Result "1-0"]

1. d4 {[%clk 01:40:56] [%emt 00:00:03]} d5 {[%clk 01:40:52] [%emt 00:00:09]} 2.
c4 {[%clk 01:41:11] [%emt 00:00:14]} dxc4 {[%clk 01:41:08] [%emt 00:00:14]} 3.
e4 {[%clk 01:41:18] [%emt 00:00:23]} e5 {[%clk 01:41:14] [%emt 00:00:24]} 4. Nf3
{[%clk 01:41:32] [%emt 00:00:14]} Bb4+ {[%clk 01:41:28] [%emt 00:00:17]} 5. Nc3
{[%clk 01:41:41] [%emt 00:00:21]} exd4 {[%clk 01:41:24] [%emt 00:00:35]} 6. Nxd4
{[%clk 01:41:52] [%emt 00:00:19]} Nd7 {[%clk 01:41:29] [%emt 00:00:24]} 7. Bxc4
{[%clk 01:41:38] [%emt 00:00:43]} Ngf6 {[%clk 01:41:46] [%emt 00:00:14]} 8.
Bxf7+ {[%clk 01:36:46] [%emt 00:05:22]} Kxf7 {[%clk 01:42:03] [%emt 00:00:12]}
9. Qb3+ {[%clk 01:37:13] [%emt 00:00:03]} Ke8 {[%clk 01:42:24] [%emt 00:00:09]}
10. O-O {[%clk 01:37:36] [%emt 00:00:06]} Bxc3 {[%clk 01:40:56] [%emt 00:01:59]}
11. Qxc3 {[%clk 01:38:02] [%emt 00:00:04]} Nf8 {[%clk 01:37:42] [%emt 00:03:44]}
12. Bg5 {[%clk 01:36:37] [%emt 00:01:55]} Qe7 {[%clk 01:35:14] [%emt 00:02:58]}
13. Nf5 {[%clk 01:16:13] [%emt 00:20:54]} Bxf5 {[%clk 01:23:44] [%emt 00:12:00]}
14. exf5 {[%clk 01:16:35] [%emt 00:00:09]} Kd8 {[%clk 01:24:11] [%emt 00:00:02]}
15. Rac1 {[%clk 01:06:35] [%emt 00:10:30]} c6 {[%clk 01:09:18] [%emt 00:15:23]}
16. Rfe1 {[%clk 00:56:17] [%emt 00:10:48]} Qf7 {[%clk 01:09:47] [%emt 00:00:02]}
17. Qb4 {[%clk 00:56:37] [%emt 00:00:09]} Rc8 {[%clk 01:01:30] [%emt 00:08:46]}
18. Rcd1+ {[%clk 00:56:05] [%emt 00:01:02]} N8d7 {[%clk 01:01:59] [%emt
00:00:02]} 19. Qa5+ {[%clk 00:54:46] [%emt 00:01:49]} b6 {[%clk 01:02:24] [%emt
00:00:05]} 20. Qxa7 {[%clk 00:55:06] [%emt 00:00:09]} Re8 {[%clk 01:02:20] [%emt
00:00:35]} 21. Qxb6+ {[%clk 00:55:15] [%emt 00:00:21]} Rc7 {[%clk 01:02:47]
[%emt 00:00:04]} 22. Rxe8+ {[%clk 00:54:49] [%emt 00:00:56]} Qxe8 {[%clk
01:03:13] [%emt 00:00:04]} 23. Bf4 {[%clk 00:55:11] [%emt 00:00:06]} 1-0

[Site "Europe Echecs"]

[Event "Grand Swiss "]
[Date "2025.09.14"]
[White "Gurel, Ediz"]
[Black "Oparin, Grigoriy"]
[WhiteElo "2631"]
[BlackElo "2660"]
[Round "9.9.20"]
[Result "1/2-1/2"]

1. e4 {[%clk 01:40:56] [%emt 00:00:02]} c5 {[%clk 01:40:56] [%emt 00:00:05]} 2.
Nf3 {[%clk 01:41:18] [%emt 00:00:08]} g6 {[%clk 01:41:21] [%emt 00:00:05]} 3. c3
{[%clk 01:39:03] [%emt 00:02:45]} d5 {[%clk 01:41:16] [%emt 00:00:35]} 4. e5
{[%clk 01:38:18] [%emt 00:01:15]} Bg4 {[%clk 01:38:30] [%emt 00:03:16]} 5. d4
{[%clk 01:30:13] [%emt 00:08:36]} cxd4 {[%clk 01:34:40] [%emt 00:04:20]} 6. cxd4
{[%clk 01:25:20] [%emt 00:05:23]} Nc6 {[%clk 01:35:03] [%emt 00:00:06]} 7. Nbd2
{[%clk 01:24:42] [%emt 00:01:09]} Qa5 {[%clk 01:34:40] [%emt 00:00:53]} 8. Qb3
{[%clk 01:22:09] [%emt 00:03:03]} Qb4 {[%clk 01:33:58] [%emt 00:01:12]} 9. Bb5
{[%clk 01:06:06] [%emt 00:16:33]} Qxb3 {[%clk 01:26:40] [%emt 00:07:48]} 10.
Nxb3 {[%clk 01:03:47] [%emt 00:02:49]} Bxf3 {[%clk 01:26:20] [%emt 00:00:50]}
11. gxf3 {[%clk 01:01:21] [%emt 00:02:56]} e6 {[%clk 01:24:53] [%emt 00:01:57]}
12. Bxc6+ {[%clk 00:57:52] [%emt 00:03:58]} bxc6 {[%clk 01:25:15] [%emt
00:00:09]} 13. Bd2 {[%clk 00:58:14] [%emt 00:00:08]} Ne7 {[%clk 01:13:20] [%emt
00:12:24]} 14. Rc1 {[%clk 00:58:07] [%emt 00:00:38]} Rc8 {[%clk 01:13:45] [%emt
00:00:05]} 15. Rc5 {[%clk 00:48:26] [%emt 00:10:11]} Nf5 {[%clk 01:07:42] [%emt
00:06:33]} 16. Ra5 {[%clk 00:48:51] [%emt 00:00:05]} Rc7 {[%clk 01:08:09] [%emt
00:00:04]} 17. Ke2 {[%clk 00:48:52] [%emt 00:00:29]} Be7 {[%clk 01:05:17] [%emt
00:03:22]} 18. Rc1 {[%clk 00:46:10] [%emt 00:03:12]} Kd7 {[%clk 01:04:39] [%emt
00:01:08]} 19. Ra6 {[%clk 00:45:55] [%emt 00:00:45]} Rhc8 {[%clk 01:00:30] [%emt
00:04:39]} 20. Kd3 {[%clk 00:40:25] [%emt 00:05:59]} Nh4 {[%clk 00:51:56] [%emt
00:09:04]} 21. Ke2 {[%clk 00:40:25] [%emt 00:00:30]} Nf5 {[%clk 00:52:10] [%emt
00:00:16]} 22. h3 {[%clk 00:38:39] [%emt 00:02:16]} Rb7 {[%clk 00:48:16] [%emt
00:04:24]} 23. Kd3 {[%clk 00:37:45] [%emt 00:01:24]} Rcc7 {[%clk 00:48:27] [%emt
00:00:19]} 24. Ba5 {[%clk 00:37:30] [%emt 00:00:45]} Rc8 {[%clk 00:48:52] [%emt
00:00:05]} 25. Bd2 {[%clk 00:36:36] [%emt 00:01:25]} Rcc7 {[%clk 00:49:15] [%emt
00:00:07]} 26. Ba5 {[%clk 00:36:43] [%emt 00:00:22]} Rc8 {[%clk 00:49:41] [%emt
00:00:04]} 27. Rc2 {[%clk 00:36:46] [%emt 00:00:27]} Nh4 {[%clk 00:45:35] [%emt
00:04:36]} 28. Ke2 {[%clk 00:35:42] [%emt 00:01:34]} Nf5 {[%clk 00:45:50] [%emt
00:00:15]} 29. Kd3 {[%clk 00:35:59] [%emt 00:00:13]} Nh4 {[%clk 00:46:14] [%emt
00:00:05]} 30. f4 {[%clk 00:34:51] [%emt 00:01:38]} h6 {[%clk 00:44:46] [%emt
00:01:58]} 31. Ke2 {[%clk 00:30:08] [%emt 00:05:13]} Nf5 {[%clk 00:44:14] [%emt
00:01:02]} 32. Kd3 {[%clk 00:30:33] [%emt 00:00:05]} Nh4 {[%clk 00:44:39] [%emt
00:00:05]} 33. Ke2 {[%clk 00:30:28] [%emt 00:00:36]} Nf5 {[%clk 00:45:04] [%emt
00:00:05]} 34. Kd3 {[%clk 00:30:53] [%emt 00:00:05]} 1/2-1/2

[Site "Europe Echecs"]

[Event "Grand Swiss "]
[Date "2025.09.14"]
[White "Shirov, Alexei"]
[Black "Bjerre, Jonas Buhl"]
[WhiteElo "2616"]
[BlackElo "2651"]
[Round "9.9.21"]
[Result "1-0"]

1. e4 {[%clk 01:40:58] [%emt 00:00:01]} c5 {[%clk 01:40:39] [%emt 00:00:21]} 2.
Nf3 {[%clk 01:41:23] [%emt 00:00:04]} d6 {[%clk 01:41:04] [%emt 00:00:05]} 3. d4
{[%clk 01:41:48] [%emt 00:00:05]} cxd4 {[%clk 01:41:29] [%emt 00:00:05]} 4. Nxd4
{[%clk 01:42:15] [%emt 00:00:04]} Nf6 {[%clk 01:41:50] [%emt 00:00:08]} 5. Nc3
{[%clk 01:42:40] [%emt 00:00:04]} a6 {[%clk 01:42:16] [%emt 00:00:05]} 6. Be3
{[%clk 01:43:05] [%emt 00:00:05]} e5 {[%clk 01:42:28] [%emt 00:00:18]} 7. Nb3
{[%clk 01:43:29] [%emt 00:00:06]} Be7 {[%clk 01:41:58] [%emt 00:01:00]} 8. f3
{[%clk 01:43:00] [%emt 00:00:58]} Be6 {[%clk 01:42:00] [%emt 00:00:29]} 9. Qd2
{[%clk 01:43:19] [%emt 00:00:11]} h5 {[%clk 01:42:05] [%emt 00:00:25]} 10. Nd5
{[%clk 01:30:11] [%emt 00:13:39]} Nxd5 {[%clk 01:42:18] [%emt 00:00:17]} 11.
exd5 {[%clk 01:30:34] [%emt 00:00:06]} Bf5 {[%clk 01:42:42] [%emt 00:00:06]} 12.
Be2 {[%clk 01:28:37] [%emt 00:02:27]} a5 {[%clk 01:42:59] [%emt 00:00:13]} 13.
Rc1 {[%clk 01:26:03] [%emt 00:03:03]} a4 {[%clk 01:39:06] [%emt 00:04:24]} 14.
Na1 {[%clk 01:26:29] [%emt 00:00:04]} Bh4+ {[%clk 01:36:07] [%emt 00:03:29]} 15.
g3 {[%clk 01:26:50] [%emt 00:00:09]} Be7 {[%clk 01:36:16] [%emt 00:00:21]} 16.
c4 {[%clk 01:20:47] [%emt 00:06:33]} Nd7 {[%clk 01:33:05] [%emt 00:03:41]} 17.
Nc2 {[%clk 01:20:52] [%emt 00:00:25]} Bg6 {[%clk 01:22:31] [%emt 00:11:04]} 18.
O-O {[%clk 01:00:02] [%emt 00:21:20]} h4 {[%clk 01:20:11] [%emt 00:02:51]} 19.
g4 {[%clk 00:51:01] [%emt 00:09:31]} O-O {[%clk 01:13:44] [%emt 00:06:58]} 20.
Kh1 {[%clk 00:44:50] [%emt 00:06:40]} Nc5 {[%clk 01:05:35] [%emt 00:08:40]} 21.
Rce1 {[%clk 00:34:11] [%emt 00:11:08]} Rc8 {[%clk 01:00:46] [%emt 00:05:19]} 22.
Na3 {[%clk 00:33:41] [%emt 00:00:59]} Qd7 {[%clk 00:53:06] [%emt 00:08:11]} 23.
Nb5 {[%clk 00:30:41] [%emt 00:03:31]} f5 {[%clk 00:50:26] [%emt 00:03:10]} 24.
Bxc5 {[%clk 00:23:59] [%emt 00:07:11]} Rxc5 {[%clk 00:49:44] [%emt 00:01:12]}
25. Bd3 {[%clk 00:24:20] [%emt 00:00:08]} Rcc8 {[%clk 00:46:13] [%emt 00:04:02]}
26. Nc3 {[%clk 00:12:56] [%emt 00:11:54]} Bd8 {[%clk 00:36:49] [%emt 00:09:55]}
27. f4 {[%clk 00:10:39] [%emt 00:02:46]} Bb6 {[%clk 00:30:23] [%emt 00:06:56]}
28. fxe5 {[%clk 00:09:39] [%emt 00:01:30]} dxe5 {[%clk 00:29:30] [%emt
00:01:23]} 29. Qg5 {[%clk 00:08:10] [%emt 00:01:58]} Bh7 {[%clk 00:23:47] [%emt
00:06:14]} 30. gxf5 {[%clk 00:07:29] [%emt 00:01:12]} Bd4 {[%clk 00:21:15] [%emt
00:03:02]} 31. Ne4 {[%clk 00:04:22] [%emt 00:03:36]} Rxf5 {[%clk 00:18:16] [%emt
00:03:30]} 32. Qxh4 {[%clk 00:03:54] [%emt 00:00:56]} Rcf8 {[%clk 00:15:30]
[%emt 00:03:18]} 33. Ng5 {[%clk 00:03:30] [%emt 00:00:54]} Rxf1+ {[%clk
00:13:39] [%emt 00:02:21]} 34. Bxf1 {[%clk 00:03:44] [%emt 00:00:15]} Bf5 {[%clk
00:11:10] [%emt 00:02:59]} 35. Bh3 {[%clk 00:03:20] [%emt 00:00:54]} Bf2 {[%clk
00:08:28] [%emt 00:03:13]} 36. Qxf2 {[%clk 00:03:33] [%emt 00:00:16]} Bxh3
{[%clk 00:08:37] [%emt 00:00:22]} 37. Qg3 {[%clk 00:01:57] [%emt 00:02:06]} Bf1
{[%clk 00:06:04] [%emt 00:03:03]} 38. Ne6 {[%clk 00:01:32] [%emt 00:00:55]} Rf6
{[%clk 00:05:58] [%emt 00:00:36]} 39. b3 {[%clk 00:01:00] [%emt 00:01:02]} Qf7
{[%clk 00:04:57] [%emt 00:01:31]} 40. Ng5 {[%clk 00:00:49] [%emt 00:00:40]} Qh5
{[%clk 00:02:07] [%emt 00:03:20]} 41. Qxe5 {[%clk 00:17:34] [%emt 00:33:43]} Rf8
{[%clk 00:52:08] [%emt 00:00:30]} 42. d6 {[%clk 00:16:03] [%emt 00:02:01]} Qh4
{[%clk 00:51:17] [%emt 00:01:22]} 43. Qd5+ {[%clk 00:10:17] [%emt 00:06:15]} Kh8
{[%clk 00:51:42] [%emt 00:00:05]} 44. Nf7+ {[%clk 00:10:33] [%emt 00:00:13]}
Rxf7 {[%clk 00:51:48] [%emt 00:00:25]} 45. Re8+ {[%clk 00:10:57] [%emt
00:00:06]} Kh7 {[%clk 00:52:13] [%emt 00:00:05]} 46. Qxf7 {[%clk 00:11:17] [%emt
00:00:09]} Bd3 {[%clk 00:51:18] [%emt 00:01:26]} 47. Qg8+ {[%clk 00:11:09] [%emt
00:00:37]} 1-0

[Site "Europe Echecs"]

[Event "Grand Swiss "]
[Date "2025.09.14"]
[White "Aronian, Levon"]
[Black "Woodward, Andy"]
[WhiteElo "2744"]
[BlackElo "2557"]
[Round "9.9.22"]
[Result "0-1"]

1. d4 {[%clk 01:40:56] [%emt 00:00:03]} Nf6 {[%clk 01:40:39] [%emt 00:00:21]} 2.
c4 {[%clk 01:41:21] [%emt 00:00:06]} e6 {[%clk 01:40:56] [%emt 00:00:13]} 3. Nc3
{[%clk 01:41:46] [%emt 00:00:05]} Bb4 {[%clk 01:41:17] [%emt 00:00:09]} 4. e3
{[%clk 01:42:12] [%emt 00:00:05]} O-O {[%clk 01:41:34] [%emt 00:00:12]} 5. a3
{[%clk 01:42:39] [%emt 00:00:04]} Bxc3+ {[%clk 01:34:49] [%emt 00:07:15]} 6.
bxc3 {[%clk 01:43:03] [%emt 00:00:05]} c5 {[%clk 01:33:57] [%emt 00:01:21]} 7.
Bd3 {[%clk 01:43:26] [%emt 00:00:07]} Nc6 {[%clk 01:34:12] [%emt 00:00:16]} 8.
Rb1 {[%clk 01:43:45] [%emt 00:00:11]} b6 {[%clk 01:27:25] [%emt 00:07:17]} 9. e4
{[%clk 01:44:06] [%emt 00:00:09]} d6 {[%clk 01:22:09] [%emt 00:05:46]} 10. Ne2
{[%clk 01:44:14] [%emt 00:00:22]} Ba6 {[%clk 01:21:46] [%emt 00:00:53]} 11. Bg5
{[%clk 01:42:45] [%emt 00:01:58]} e5 {[%clk 01:14:07] [%emt 00:08:08]} 12. d5
{[%clk 01:16:38] [%emt 00:26:37]} Na5 {[%clk 01:11:40] [%emt 00:02:57]} 13. h4
{[%clk 01:04:32] [%emt 00:12:36]} h6 {[%clk 01:09:22] [%emt 00:02:48]} 14. Bc1
{[%clk 01:04:57] [%emt 00:00:06]} Nh5 {[%clk 00:58:54] [%emt 00:10:58]} 15. g4
{[%clk 01:03:28] [%emt 00:01:59]} Nf4 {[%clk 00:58:56] [%emt 00:00:28]} 16. Nxf4
{[%clk 01:03:46] [%emt 00:00:12]} exf4 {[%clk 00:59:19] [%emt 00:00:07]} 17. g5
{[%clk 01:03:58] [%emt 00:00:17]} f5 {[%clk 00:54:53] [%emt 00:04:56]} 18. gxh6
{[%clk 00:56:31] [%emt 00:07:57]} Qf6 {[%clk 00:53:35] [%emt 00:01:48]} 19. e5
{[%clk 00:46:50] [%emt 00:10:13]} Qxe5+ {[%clk 00:49:52] [%emt 00:04:13]} 20.
Kf1 {[%clk 00:46:31] [%emt 00:00:48]} Bxc4 {[%clk 00:47:00] [%emt 00:03:21]} 21.
Rg1 {[%clk 00:42:50] [%emt 00:04:12]} Qe4 {[%clk 00:33:56] [%emt 00:13:34]} 22.
Bxc4 {[%clk 00:42:53] [%emt 00:00:28]} Nxc4 {[%clk 00:34:00] [%emt 00:00:26]}
23. Qe2 {[%clk 00:35:08] [%emt 00:08:15]} Qxb1 {[%clk 00:16:12] [%emt 00:18:18]}
24. Qe6+ {[%clk 00:22:44] [%emt 00:12:53]} Rf7 {[%clk 00:16:36] [%emt 00:00:06]}
25. Rxg7+ {[%clk 00:23:06] [%emt 00:00:08]} Kh8 {[%clk 00:17:01] [%emt
00:00:05]} 26. Rxf7 {[%clk 00:21:34] [%emt 00:02:02]} Qxc1+ {[%clk 00:17:24]
[%emt 00:00:08]} 27. Kg2 {[%clk 00:22:00] [%emt 00:00:03]} f3+ {[%clk 00:17:12]
[%emt 00:00:43]} 28. Kxf3 {[%clk 00:21:24] [%emt 00:01:06]} Qxc3+ {[%clk
00:16:02] [%emt 00:01:40]} 29. Kf4 {[%clk 00:21:09] [%emt 00:00:45]} Rg8 {[%clk
00:15:03] [%emt 00:01:27]} 30. Rg7 {[%clk 00:20:44] [%emt 00:00:55]} Qe5+ {[%clk
00:14:59] [%emt 00:00:35]} 31. Kg5 {[%clk 00:20:56] [%emt 00:00:18]} f4+ {[%clk
00:14:48] [%emt 00:00:41]} 32. Kg4 {[%clk 00:21:00] [%emt 00:00:26]} Qxe6+
{[%clk 00:14:13] [%emt 00:01:05]} 33. dxe6 {[%clk 00:21:26] [%emt 00:00:03]}
Rxg7+ {[%clk 00:14:35] [%emt 00:00:08]} 34. hxg7+ {[%clk 00:21:52] [%emt
00:00:04]} Kxg7 {[%clk 00:14:59] [%emt 00:00:06]} 0-1

[Site "Europe Echecs"]

[Event "Grand Swiss "]
[Date "2025.09.14"]
[White "Robson, Ray"]
[Black "Kuzubov, Yuriy"]
[WhiteElo "2674"]
[BlackElo "2600"]
[Round "9.9.23"]
[Result "1/2-1/2"]

1. e4 {[%clk 01:40:57]} c5 {[%clk 01:40:53] [%emt 00:00:07]} 2. Nf3 {[%clk
01:41:17] [%emt 00:00:12]} e6 {[%clk 01:41:17] [%emt 00:00:06]} 3. c3 {[%clk
01:29:49] [%emt 00:11:58]} Nf6 {[%clk 01:31:52] [%emt 00:09:53]} 4. Bd3 {[%clk
01:29:51] [%emt 00:00:28]} Nc6 {[%clk 01:14:27] [%emt 00:17:55]} 5. O-O {[%clk
01:29:10] [%emt 00:01:10]} d5 {[%clk 01:09:04] [%emt 00:05:54]} 6. e5 {[%clk
01:29:23] [%emt 00:00:17]} Nd7 {[%clk 01:09:20] [%emt 00:00:14]} 7. Bb5 {[%clk
01:20:18] [%emt 00:09:35]} Qb6 {[%clk 01:01:17] [%emt 00:08:33]} 8. Ba4 {[%clk
01:19:27] [%emt 00:01:21]} c4 {[%clk 00:58:21] [%emt 00:03:25]} 9. d4 {[%clk
01:19:04] [%emt 00:00:53]} cxd3 {[%clk 00:58:36] [%emt 00:00:16]} 10. Qxd3
{[%clk 01:19:27] [%emt 00:00:06]} Nc5 {[%clk 00:58:10] [%emt 00:00:56]} 11. Qd1
{[%clk 01:19:38] [%emt 00:00:19]} Nxa4 {[%clk 00:57:54] [%emt 00:00:46]} 12.
Qxa4 {[%clk 01:20:02] [%emt 00:00:06]} Bd7 {[%clk 00:57:28] [%emt 00:00:56]} 13.
Qf4 {[%clk 00:55:28] [%emt 00:25:04]} Be7 {[%clk 00:55:24] [%emt 00:02:34]} 14.
Qg3 {[%clk 00:52:33] [%emt 00:03:25]} Rg8 {[%clk 00:43:40] [%emt 00:12:13]} 15.
Nbd2 {[%clk 00:45:16] [%emt 00:07:47]} O-O-O {[%clk 00:38:33] [%emt 00:05:37]}
16. Nb3 {[%clk 00:45:03] [%emt 00:00:43]} f6 {[%clk 00:35:52] [%emt 00:03:12]}
17. Re1 {[%clk 00:36:52] [%emt 00:08:41]} Qc7 {[%clk 00:31:38] [%emt 00:04:43]}
18. Nbd4 {[%clk 00:31:47] [%emt 00:05:36]} Nxe5 {[%clk 00:29:57] [%emt
00:02:12]} 19. Nxe5 {[%clk 00:31:19] [%emt 00:00:58]} fxe5 {[%clk 00:29:42]
[%emt 00:00:44]} 20. Qxe5 {[%clk 00:31:42] [%emt 00:00:07]} Qxe5 {[%clk
00:13:51] [%emt 00:16:21]} 21. Rxe5 {[%clk 00:32:09] [%emt 00:00:03]} Bf6 {[%clk
00:12:32] [%emt 00:01:49]} 22. Re1 {[%clk 00:31:52] [%emt 00:00:47]} e5 {[%clk
00:12:15] [%emt 00:00:47]} 23. Nf3 {[%clk 00:30:48] [%emt 00:01:33]} Rde8 {[%clk
00:10:49] [%emt 00:01:57]} 24. Bg5 {[%clk 00:29:07] [%emt 00:02:12]} Bc6 {[%clk
00:11:08] [%emt 00:00:10]} 25. Bxf6 {[%clk 00:28:12] [%emt 00:01:25]} gxf6
{[%clk 00:11:34] [%emt 00:00:04]} 26. Nh4 {[%clk 00:28:10] [%emt 00:00:31]} Kc7
{[%clk 00:11:20] [%emt 00:00:44]} 27. g3 {[%clk 00:27:31] [%emt 00:01:09]} a5
{[%clk 00:10:05] [%emt 00:01:45]} 28. Rad1 {[%clk 00:26:50] [%emt 00:01:11]} b5
{[%clk 00:06:13] [%emt 00:04:22]} 29. Ng2 {[%clk 00:26:47] [%emt 00:00:33]} b4
{[%clk 00:05:46] [%emt 00:00:57]} 30. f4 {[%clk 00:25:44] [%emt 00:01:33]} bxc3
{[%clk 00:04:08] [%emt 00:02:08]} 31. bxc3 {[%clk 00:26:11] [%emt 00:00:02]} Kd6
{[%clk 00:03:29] [%emt 00:01:09]} 32. Rd2 {[%clk 00:17:37] [%emt 00:09:04]} Rb8
{[%clk 00:02:14] [%emt 00:01:45]} 33. c4 {[%clk 00:12:58] [%emt 00:05:10]} d4
{[%clk 00:01:45] [%emt 00:00:58]} 34. fxe5+ {[%clk 00:12:51] [%emt 00:00:38]}
fxe5 {[%clk 00:02:11] [%emt 00:00:04]} 35. c5+ {[%clk 00:13:17] [%emt 00:00:04]}
Kd5 {[%clk 00:01:17] [%emt 00:01:24]} 36. Ne3+ {[%clk 00:13:44] [%emt 00:00:02]}
Kxc5 {[%clk 00:01:01] [%emt 00:00:45]} 37. Rc2+ {[%clk 00:14:01] [%emt
00:00:14]} Kb6 {[%clk 00:00:48] [%emt 00:00:43]} 38. Nc4+ {[%clk 00:13:53] [%emt
00:00:38]} Ka6 {[%clk 00:00:58] [%emt 00:00:21]} 39. Nxe5 {[%clk 00:12:41] [%emt
00:01:42]} Bb5 {[%clk 00:01:01] [%emt 00:00:26]} 40. Rd2 {[%clk 00:08:02] [%emt
00:05:09]} Rgd8 {[%clk 00:00:52] [%emt 00:00:39]} 41. Re4 {[%clk 00:37:42] [%emt
00:20:50]} Rbc8 {[%clk 00:46:47] [%emt 00:04:35]} 42. Kf2 {[%clk 00:33:29] [%emt
00:04:43]} a4 {[%clk 00:40:35] [%emt 00:06:42]} 43. Nf3 {[%clk 00:26:44] [%emt
00:07:15]} d3 {[%clk 00:39:48] [%emt 00:01:17]} 44. Nd4 {[%clk 00:24:43] [%emt
00:02:31]} Rf8+ {[%clk 00:36:16] [%emt 00:04:01]} 45. Rf4 {[%clk 00:20:16] [%emt
00:04:58]} Rxf4+ {[%clk 00:27:24] [%emt 00:09:22]} 46. gxf4 {[%clk 00:20:43]
[%emt 00:00:02]} Bc4 {[%clk 00:27:41] [%emt 00:00:13]} 47. a3 {[%clk 00:19:13]
[%emt 00:02:01]} Kb6 {[%clk 00:24:37] [%emt 00:03:34]} 48. Nf3 {[%clk 00:15:17]
[%emt 00:04:26]} Kc5 {[%clk 00:10:23] [%emt 00:14:44]} 49. Ke3 {[%clk 00:14:45]
[%emt 00:01:02]} Kd5 {[%clk 00:05:51] [%emt 00:05:01]} 50. Rg2 {[%clk 00:10:41]
[%emt 00:04:35]} Re8+ {[%clk 00:03:04] [%emt 00:03:18]} 51. Ne5 {[%clk 00:10:47]
[%emt 00:00:23]} Rb8 {[%clk 00:03:17] [%emt 00:00:18]} 52. Rg7 {[%clk 00:08:39]
[%emt 00:02:37]} Rb1 {[%clk 00:02:09] [%emt 00:01:38]} 53. Nxc4 {[%clk 00:05:41]
[%emt 00:03:28]} Kxc4 {[%clk 00:02:33] [%emt 00:00:07]} 54. Rc7+ {[%clk
00:06:04] [%emt 00:00:08]} Kd5 {[%clk 00:02:47] [%emt 00:00:16]} 55. Rxh7 {[%clk
00:05:12] [%emt 00:01:22]} Re1+ {[%clk 00:02:34] [%emt 00:00:43]} 56. Kxd3
{[%clk 00:03:12] [%emt 00:02:30]} Ra1 {[%clk 00:02:58] [%emt 00:00:04]} 57. Rh5+
{[%clk 00:01:03] [%emt 00:02:40]} Ke6 {[%clk 00:03:18] [%emt 00:00:10]} 58. Ke4
{[%clk 00:00:55] [%emt 00:00:39]} Rxa3 {[%clk 00:03:26] [%emt 00:00:22]} 59.
Rh6+ {[%clk 00:00:35] [%emt 00:00:50]} Kf7 {[%clk 00:03:08] [%emt 00:00:47]} 60.
Kf5 {[%clk 00:00:42] [%emt 00:00:23]} Ra2 {[%clk 00:00:58] [%emt 00:02:39]} 61.
h4 {[%clk 00:15:04] [%emt 00:01:09]} Rh2 {[%clk 00:14:53] [%emt 00:01:34]} 62.
h5 {[%clk 00:02:35] [%emt 00:13:00]} Kg7 {[%clk 00:12:11] [%emt 00:03:11]} 63.
Rg6+ {[%clk 00:02:54] [%emt 00:00:12]} Kf7 {[%clk 00:12:25] [%emt 00:00:15]} 64.
Ra6 {[%clk 00:01:03] [%emt 00:02:21]} Rxh5+ {[%clk 00:12:48] [%emt 00:00:07]}
1/2-1/2

[Site "Europe Echecs"]